| 000 | 00371nam a2200133Ia 4500 | ||
|---|---|---|---|
| 008 | 170516s9999 xx 000 0 und d | ||
| 245 | _aRSSA CME grant report | ||
| 260 | _bSouth African Journal of Radiology | ||
| 260 | _c2012 | ||
| 300 | _a16:3 | ||
| 650 | _xRadiologic Technology | ||
| 650 | _xRadtech | ||
| 856 | _uhttp://www.sajr.org.za/index.php/sajr/issue/view/24 | ||
| 999 |
_c332804 _d332804 |
||